| 000 | 00452pab a2200145 454500 | ||
|---|---|---|---|
| 008 | 180718b xxu||||| |||| 00| 0 eng d | ||
| 100 | _aMuttagi, P.K | ||
| 245 | _aTraining personnel of the local government in developing countries - a comprehensive approach | ||
| 650 | _a Public Personnel | ||
| 650 | _a Personnel | ||
| 650 | _a Local Government | ||
| 650 | _aTraining - Personnel, Public - Developing Countries | ||
| 773 | _aNagarlok | ||
| 909 | _a24597 | ||
| 999 |
_c24597 _d24597 |
||